[Event "C.O.Q. invitation"]
[Site "Montreal, CAN"]
[Date "2011.07.25"]
[Round "4"]
[White "Leroux, Jean-Pierre"]
[Black "Cheng, Bindi"]
[Result "1-0"]
[WhiteElo "2517"]
[BlackElo "2385"]
[EventDate "2011.07.23"]

1.d4 Nf6 2.c4 c5 3.d5 e6 4.Nc3 exd5 5.cxd5 d6 6.Nf3 g6 7.h3 Bg7 8.Bf4 O-O 
9.e3 a6 10.a4 Nh5 11.Bh2 f5 12.Be2 Qe7 13.O-O Nd7 14.Nd2 Nhf6 15.Nc4 Ne8 
16.a5 Ne5 17.Nb6 Rb8 18.Re1 Nd7 19.Nxc8 Rxc8 20.Qd2 Nef6 21.Ra4 h5 22.Bd3 
Ne5 23.Bc2 c4 24.e4 Rfe8 25.Raa1 Nxe4 26.Nxe4 fxe4 27.Rxe4 Qf7 28.Rae1 Rf8
29.Bg3 Rc5 30.Rd1 Rb5 31.f4 Nd3 32.b3 Nb2 33.bxc4 Rc5 34.Rde1 Nxc4 35.Qe2 
Na3 36.Bd3 Rc3 37.Re6 Bf6 38.f5 gxf5 39.Bxd6 Rd8 40.Rxf6 Qxf6 41.Be5 Qe7 
42.Bxc3 Qc5+ 43.Kh1 Qxc3 44.Qe6+ Kh8 45.Qh6+ Kg8 46.Qg5+ Kf7 47.Qe7+ 1-0

[Event "C.O.Q. invitation"]
[Site "Montreal, CAN"]
[Date "2011.07.25"]
[Round "4"]
[White "Berube, Antoine"]
[Black "Voskanyan, Vahagn"]
[Result "1/2-1/2"]
[WhiteElo "2142"]
[BlackElo "2261"]
[EventDate "2011.07.23"]

1.d4 d5 2.c4 c6 3.Nc3 e5 4.dxe5 d4 5.Ne4 Qa5+ 6.Bd2 Qxe5 7.Ng3 c5 8.Nf3 
Qc7 9.Qc2 Nf6 10.e3 dxe3 11.Bxe3 Nc6 12.a3 Be7 13.h3 O-O 14.O-O-O Bd6 15.
Ne4 Nxe4 16.Qxe4 Ne7 17.Qc2 Bf4 18.Bxf4 Qxf4+ 19.Qd2 Qf6 20.Qd6 Be6 21.
Qxc5 Rfc8 22.Qd4 Qxd4 23.Rxd4 Nf5 24.Rf4 b5 25.b3 Nd6 26.Nd2 Rab8 27.Bd3 
bxc4 28.bxc4 g5 29.Rf3 Nxc4 30.Nxc4 Bxc4 31.Bxc4 Rxc4+ 32.Kd2 Rb2+ 33.Kd3 
Ra4 34.Ra1 Rb3+ 35.Ke2 Re4+ 36.Re3 Rbxe3+ 37.fxe3 Ra4 38.g4 Kg7 39.Kf3 Kf6
40.Ra2 Ke5 41.Ra1 Kf6 42.Kg3 Kg6 43.Ra2 h5 44.gxh5+ Kxh5 45.Ra1 f5 46.Ra2 
Rc4 47.a4 Rc3 48.Kf2 Kh4 49.Rb2 Kxh3 50.Rb7 Kg4 51.Ke2 Rc2+ 52.Kd3 Ra2 53.
Rxa7 Kf3 54.Ra5 1/2-1/2

[Event "C.O.Q. invitation"]
[Site "Montreal, CAN"]
[Date "2011.07.25"]
[Round "4"]
[White "Macak, Stefan"]
[Black "Tessier-Desrosiers, Olivier"]
[Result "1-0"]
[WhiteElo "2391"]
[BlackElo "2086"]
[EventDate "2011.07.23"]

1.d4 Nf6 2.c4 c5 3.d5 b5 4.cxb5 a6 5.bxa6 Bxa6 6.Nc3 d6 7.Nf3 g6 8.g3 Bg7 
9.Bg2 Nbd7 10.Rb1 Ng4 11.Qc2 O-O 12.Bd2 Ra7 13.h3 Nge5 14.Nxe5 Nxe5 15.b3 
Qa8 16.O-O Rb8 17.Rb2 Rab7 18.Rfb1 Nd7 19.Kh2 Nb6 20.e4 Nc8 21.f4 Bd4 22.
Bf3 Na7 23.a4 Nc8 24.Kg2 Rb6 25.Ra2 Bg7 26.h4 Qb7 27.Bd1 e6 28.Rab2 Ne7 
29.dxe6 fxe6 30.Be3 Nf5 31.Bf2 Nd4 32.Qd2 Qa8 33.Kh2 Bb7 34.Qe3 d5 35.exd5
exd5 36.b4 Nf5 37.Qd2 d4 38.Nb5 Bh1 39.Bg1 Ne3 40.Bb3+ c4 41.Bxe3 cxb3 42.
Bxd4 Rxb5 43.axb5 Be4 44.Bxg7 Bxb1 45.Rxb1 Kxg7 46.Rxb3 Rxb5 47.Qd4+ Kh6 
48.g4 Rd5 49.g5+ Kh5 50.Qe3 Qa2+ 51.Kh3 Rd2 52.Qf3# 1-0

[Event "C.O.Q. invitation"]
[Site "Montreal, CAN"]
[Date "2011.07.25"]
[Round "4"]
[White "Jiang, Louis"]
[Black "Martchenko, Alexander"]
[Result "0-1"]
[WhiteElo "2375"]
[BlackElo "2227"]
[EventDate "2011.07.23"]

1.e4 e5 2.Nf3 Nc6 3.Bc4 Be7 4.d3 Nf6 5.Nc3 d6 6.a3 O-O 7.h3 Be6 8.O-O a6 
9.Re1 b5 10.Bd5 Bxd5 11.Nxd5 Nxd5 12.exd5 Nd4 13.Nxd4 exd4 14.b3 Bf6 15.
Qf3 Re8 16.Bb2 Re5 17.Re2 Qd7 18.Rae1 Rf8 19.g4 Qc8 20.Bc1 Qa8 21.Rxe5 
Bxe5 22.Qe4 h6 23.h4 Qc8 24.Qg2 Qd8 25.g5 hxg5 26.hxg5 g6 27.f4 Bg7 28.Bb2
Qd7 29.Re4 Qf5 30.Bxd4 Qxd5 31.Bxg7 Kxg7 32.b4 Qa2 33.Qf2 Qxa3 34.Qd4+ Kg8
35.Kg2 Qc1 36.Re2 Rc8 37.Rf2 Re8 38.Qf6 Qd1 39.f5 Qg4+ 40.Kf1 Qh3+ 41.Rg2 
0-1

[Event "C.O.Q. invitation"]
[Site "Montreal, CAN"]
[Date "2011.07.25"]
[Round "4"]
[White "Bojkov,  Dejan"]
[Black "Leveille, Francois"]
[Result "1-0"]
[WhiteElo "2544"]
[BlackElo "2290"]
[EventDate "2011.07.23"]

1.e4 c6 2.c4 d5 3.cxd5 cxd5 4.exd5 Nf6 5.Nc3 Nxd5 6.Nf3 Nc6 7.Bb5 e6 8.O-O
Be7 9.d4 O-O 10.Re1 Bd7 11.Bd3 Bf6 12.Be3 Ncb4 13.Bb1 Rc8 14.Ne4 Nxe3 15.
fxe3 Bc6 16.Qb3 a5 17.a3 Nd5 18.Rf1 g6 19.Nxf6+ Nxf6 20.Bd3 Nd5 21.Rae1 
Qb6 22.Qxb6 Nxb6 23.Ne5 Bd5 24.Rf2 Kg7 25.Ref1 f6 26.Ng4 Bc4 27.Bxc4 Nxc4 
28.Rc2 b5 29.Re1 Rce8 30.a4 Rf7 31.axb5 Nd6 32.b6 Rb8 33.Rc6 Rd7 34.Nf2 e5
35.dxe5 fxe5 36.Nd3 Nf7 37.Nc5 Rd2 38.b7 Rxb2 39.Rc7 1-0

[Event "C.O.Q. invitation"]
[Site "Montreal, CAN"]
[Date "2011.07.25"]
[Round "4"]
[White "Gerzhoy, Leonid"]
[Black "Rozentalis, Eduardas"]
[Result "0-1"]
[WhiteElo "2483"]
[BlackElo "2571"]
[EventDate "2011.07.23"]

1.d4 Nf6 2.c4 e6 3.Nc3 Bb4 4.e3 Ne4 5.Ne2 O-O 6.a3 Nxc3 7.Nxc3 Bxc3+ 8.
bxc3 f5 9.g3 d6 10.Bg2 Nd7 11.O-O Nf6 12.a4 Rb8 13.c5 d5 14.c4 dxc4 15.Qc2
Bd7 16.Qxc4 Qe8 17.f3 b5 18.cxb6 cxb6 19.e4 b5 20.Qa2 b4 21.Qb3 a5 22.Bb2 
Rc8 23.exf5 Qf7 24.f4 exf5 25.d5 Ne4 26.Bxe4 fxe4 27.Rac1 Bh3 28.Rfe1 Qa7+
29.Re3 Rxc1+ 30.Bxc1 Rc8 31.d6+ Kf8 32.Qd1 Qc5 33.Bd2 Rd8 34.Qb1 Qxd6 35.
Be1 Bf5 36.Kf2 Qc5 37.Qb2 Rd3 38.Bd2 h5 39.Qc1 Qd4 40.Ke1 b3 41.Qa3+ Kg8 
0-1

[Event "C.O.Q. invitation"]
[Site "Montreal, CAN"]
[Date "2011.07.26"]
[Round "5"]
[White "Martchenko, Alexander"]
[Black "Macak, Stefan"]
[Result "1-0"]
[WhiteElo "2227"]
[BlackElo "2391"]
[EventDate "2011.07.23"]

1.e4 e6 2.d4 d5 3.e5 c5 4.c3 Qb6 5.Nf3 Nc6 6.a3 c4 7.Nbd2 Na5 8.g3 Bd7 9.
Bg2 Ne7 10.O-O Qc7 11.Re1 Nc8 12.Qe2 Nb6 13.h4 O-O-O 14.Ng5 Ba4 15.f4 h6 
16.Nh3 Bc2 17.Nxc4 Nb3 18.Qxc2 Nxa1 19.Nxb6+ Qxb6 20.Qb1 Nb3 21.f5 Nxc1 
22.Rxc1 g5 23.fxg6 fxg6 24.Nf4 g5 25.Ng6 Rg8 26.h5 Rd7 27.Rf1 Bxa3 28.bxa3
Qxb1 29.Rxb1 Rc7 30.Rf1 Re8 31.Rf3 g4 32.Re3 Kd7 33.Nf4 Rec8 34.Bxd5 exd5 
35.Nxd5 Rc4 36.Nf6+ Ke7 37.Kg2 Ke6 38.Ne4 Ra4 39.Nd6 Rc6 40.Nxb7 Ke7 41.d5
1-0

[Event "C.O.Q. invitation"]
[Site "Montreal, CAN"]
[Date "2011.07.26"]
[Round "5"]
[White "Barbeau, Sylvain"]
[Black "Tessier-Desrosiers, Olivier"]
[Result "1/2-1/2"]
[WhiteElo "2333"]
[BlackElo "2086"]
[EventDate "2011.07.23"]

1.Nf3 Nf6 2.g3 b5 3.Bg2 Bb7 4.O-O e6 5.b3 Be7 6.Bb2 O-O 7.d3 d6 8.Nbd2 c5 
9.e4 Nbd7 10.Ng5 h6 11.Nh3 Qc7 12.Qe2 a5 13.f4 a4 14.g4 a3 15.Bc1 d5 16.e5
Nh7 17.Nf3 c4 18.Be3 Ba6 19.Bd4 b4 20.f5 cxd3 21.cxd3 Bc5 22.Bxc5 Qxc5+ 
23.Kh1 Rac8 24.Rad1 Qc3 25.Nf4 Rfe8 26.fxe6 fxe6 27.Qe3 Qc5 28.Nd4 Nhf8 
29.Rf3 Qb6 30.h4 Nxe5 31.Qxe5 Nd7 32.Nxd5 exd5 33.Qxd5+ Kh8 34.Qxd7 Red8 
35.Qf5 Rxd4 36.Rf4 Rxf4 37.Qxf4 Bb7 38.Rf1 Bxg2+ 39.Kxg2 Rc2+ 40.Rf2 Qc5 
41.d4 Qd5+ 42.Kh2 Rb2 43.Qe3 Qf7 44.Kg3 Qc7+ 45.Qe5 Qc3+ 46.Kg2 Rxf2+ 47.
Kxf2 Qb2+ 48.Kf3 Qxa2 49.Qe8+ Kh7 50.Qe4+ Kh8 51.Qe8+ Kh7 52.Qe4+ 1/2-1/2

[Event "C.O.Q. invitation"]
[Site "Montreal, CAN"]
[Date "2011.07.26"]
[Round "5"]
[White "Voloaca, Mihnoa"]
[Black "Jiang, Louis"]
[Result "1/2-1/2"]
[WhiteElo "2234"]
[BlackElo "2375"]
[EventDate "2011.07.23"]

1.c4 e5 2.g3 Nf6 3.Bg2 c6 4.d4 exd4 5.Qxd4 d5 6.Nf3 Be7 7.O-O O-O 8.cxd5 
Qxd5 9.Qa4 Na6 10.Ng5 Qd8 11.Nc3 Nc5 12.Qc2 h6 13.Rd1 Qb6 14.Nf3 Be6 15.
Be3 Qa5 16.Nd4 Qc7 17.Nf5 Bxf5 18.Qxf5 Ne6 19.Rac1 Rad8 20.h4 Rxd1+ 21.
Rxd1 Rd8 22.Rxd8+ Qxd8 23.h5 a6 24.Bf3 Qd7 25.Kg2 Nf8 26.Qe5 Qd6 27.Qxd6 
Bxd6 28.Bd4 N8d7 29.Ne4 Nxe4 30.Bxe4 Be5 31.Bxe5 Nxe5 32.f4 Nc4 33.b3 Nd6 
34.Bd3 f5 35.g4 fxg4 36.e4 Kf7 37.e5 Nc8 38.Kg3 Ke6 39.Bc4+ Kf5 40.Bd3+ 
Ke6 41.Be4 Ne7 42.b4 b6 43.Kxg4 a5 44.bxa5 bxa5 45.Kf3 c5 46.Bb7 c4 47.Be4
Nf5 48.Bb7 Ne7 49.a4 c3 50.Ke3 Kf5 51.Bf3 c2 52.Be4+ Kg4 53.Bxc2 Nd5+ 54.
Ke4 Nxf4 55.Bd1+ Kg5 56.Bf3 g6 57.hxg6 Nxg6 58.Bg2 Nf4 59.Bh1 h5 60.Kd4 
Kf5 61.Bb7 Ke6 62.Bc8+ Ke7 63.Bf5 h4 64.Kc5 h3 65.Kb5 h2 66.Be4 Nd3 67.
Kxa5 Nc5 68.Bd5 h1=Q 69.Bxh1 Ke6 1/2-1/2

[Event "C.O.Q. invitation"]
[Site "Montreal, CAN"]
[Date "2011.07.26"]
[Round "5"]
[White "Voskanyan, Vahagn"]
[Black "Bolduc, Steve"]
[Result "1-0"]
[WhiteElo "2261"]
[BlackElo "2230"]
[EventDate "2011.07.23"]

1.c4 Nf6 2.g3 c5 3.Bg2 e6 4.Nf3 Nc6 5.O-O Be7 6.Nc3 d5 7.cxd5 exd5 8.d4 
O-O 9.Bf4 Bg4 10.dxc5 Bxc5 11.Rc1 d4 12.Na4 Bb6 13.Bg5 Re8 14.a3 h6 15.
Bxf6 Qxf6 16.Nxb6 axb6 17.Re1 Rad8 18.Qd3 Bf5 19.Qb5 Be4 20.Nd2 Bxg2 21.
Kxg2 Qg5 22.Qxg5 hxg5 23.h3 f6 24.Rcd1 Ne5 25.Nb3 Nc4 26.Rxd4 Nxb2 27.Rb1 
Rxd4 28.Nxd4 Na4 29.e3 Ra8 30.Rb4 Kf7 31.f4 gxf4 32.gxf4 g6 33.Kf3 Ra6 34.
h4 Nc5 35.f5 Nd7 36.fxg6+ Kxg6 37.Nc2 Ra5 38.a4 Rc5 39.Nd4 Kh5 40.Ne6 Rc4 
41.Nf4+ Kxh4 42.Ng6+ Kg5 43.Rxc4 Kxg6 44.Ke4 f5+ 45.Kd4 Kf6 46.Kc3 Ke6 47.
Kb4 Nf6 48.Kb5 Nd5 49.Rh4 Ke5 50.Rh7 Nc3+ 51.Kc4 Nxa4 52.Re7+ Kf6 53.Rxb7 
Ke5 54.Re7+ Kf6 55.Ra7 Nc5 56.Kd5 Nd3 57.Rb7 Nb4+ 58.Kd4 Nc6+ 59.Kc3 Ke5 
60.Rxb6 Kd5 61.Kd3 Ne5+ 62.Ke2 Nc4 63.Rb5+ Ke4 64.Rb4 Kd5 65.Kf2 Kc5 66.
Ra4 Kd5 67.Kf3 Nb2 68.Rb4 Nc4 69.Kf4 1-0

[Event "C.O.Q. invitation"]
[Site "Montreal, CAN"]
[Date "2011.07.26"]
[Round "5"]
[White "Kleinman, Jake"]
[Black "Calugar, Arthur"]
[Result "1/2-1/2"]
[WhiteElo "2375"]
[BlackElo "2247"]
[EventDate "2011.07.23"]

1.d4 Nf6 2.c4 g6 3.Nc3 d5 4.Nf3 Bg7 5.Qa4+ Bd7 6.Qb3 dxc4 7.Qxc4 a6 8.Bf4 
Nc6 9.d5 Na5 10.Qc5 b6 11.Qxc7 Qxc7 12.Bxc7 Nc4 13.e3 Nxb2 14.Bxb6 O-O 15.
Bd4 Na4 16.Nxa4 Bxa4 17.d6 exd6 18.Bd3 Rfc8 19.Kd2 d5 20.Rhc1 Ne4+ 21.Ke2 
Bb5 22.Bxg7 Bxd3+ 23.Kxd3 Kxg7 24.Ke2 Rab8 25.Rxc8 Rxc8 26.Ne1 Rb8 27.Nd3 
Rc8 28.Rc1 Rc4 29.Ke1 1/2-1/2

[Event "C.O.Q. invitation"]
[Site "Montreal, CAN"]
[Date "2011.07.26"]
[Round "5"]
[White "Caire, Francois"]
[Black "Zhao, Parker"]
[Result "0-1"]
[WhiteElo "2150"]
[BlackElo "2382"]
[EventDate "2011.07.23"]

1.f4 d5 2.Nf3 Bg4 3.e3 Nd7 4.Be2 Ngf6 5.b3 Bxf3 6.Bxf3 e5 7.fxe5 Nxe5 8.
Bb2 Bd6 9.Nc3 c6 10.Qe2 Qc7 11.O-O-O O-O 12.g4 Qe7 13.g5 Nfd7 14.Rhg1 Ba3 
15.Rg3 a5 16.Bg4 Nb6 17.Bf5 g6 18.Bd3 a4 19.Rf1 Nbd7 20.Nb1 Bxb2+ 21.Kxb2 
Nc5 22.Rf4 axb3 23.axb3 b5 24.b4 Ncxd3+ 25.cxd3 Qa7 26.Nc3 Qa1+ 27.Kc2 
Ra2+ 28.Nxa2 Qxa2+ 29.Kc3 Qa1+ 0-1

[Event "C.O.Q. invitation"]
[Site "Montreal, CAN"]
[Date "2011.07.26"]
[Round "5"]
[White "Sambuev, Bator"]
[Black "Bojkov,  Dejan"]
[Result "1/2-1/2"]
[WhiteElo "2528"]
[BlackElo "2544"]
[EventDate "2011.07.23"]

1.d4 Nf6 2.c4 e6 3.Nc3 Bb4 4.e3 O-O 5.Bd3 d5 6.Nf3 c5 7.O-O Nc6 8.h3 dxc4 
9.Bxc4 cxd4 10.exd4 b6 11.Bg5 Bb7 12.Rc1 Be7 13.a3 Rc8 14.Qd3 Nd5 15.Bd2 
Nxc3 16.Bxc3 Bf6 17.Rfd1 Ne7 18.Ba6 Qd5 19.Bb4 Rfd8 20.Bxe7 Bxe7 21.Bxb7 
Qxb7 22.Qe3 Bf6 23.Rxc8 Rxc8 24.Rc1 h6 25.b4 a6 26.Rc3 Rc7 27.Qc1 Rxc3 28.
Qxc3 Qd7 29.Qc4 Qa4 30.Qc8+ Kh7 31.Qb7 Qxa3 32.Qxb6 Qa1+ 33.Kh2 Qf1 34.Qb7
Kg8 35.Qa8+ Kh7 36.Qe4+ g6 37.d5 exd5 38.Qxd5 Kg7 39.Ne5 Bxe5+ 40.Qxe5+ 
Kg8 1/2-1/2

[Event "C.O.Q. invitation"]
[Site "Montreal, CAN"]
[Date "2011.07.27"]
[Round "6"]
[White "Jiang, Louis"]
[Black "Caire, Francois"]
[Result "1-0"]
[WhiteElo "2375"]
[BlackElo "2150"]
[EventDate "2011.07.23"]

1.e4 c5 2.Nc3 Nc6 3.f4 g6 4.Nf3 Bg7 5.Bb5 Nd4 6.O-O Nxb5 7.Nxb5 d5 8.exd5 
a6 9.Nc3 Nf6 10.d4 c4 11.Qe2 b5 12.Re1 Bb7 13.f5 Bxd5 14.Nxd5 Nxd5 15.Qe4 
Qd7 16.fxg6 hxg6 17.c3 e6 18.Bf4 O-O 19.Be5 Bxe5 20.dxe5 Qe7 21.Rf1 Qc5+ 
22.Rf2 b4 23.Ng5 Kg7 24.Rf1 Qe3 25.Qxe3 Nxe3 26.Rxf7+ Rxf7 27.Rxf7+ Kh6 
28.h4 Kh5 29.Nxe6 bxc3 30.bxc3 Rb8 31.Kf2 Nf5 32.Ng7+ Nxg7 33.Rxg7 Re8 34.
Kg3 Kh6 35.Rc7 Rxe5 36.Rxc4 Ra5 37.a4 1-0

[Event "C.O.Q. invitation"]
[Site "Montreal, CAN"]
[Date "2011.07.27"]
[Round "6"]
[White "Tessier-Desrosiers, Olivier"]
[Black "Meszaros, Michal"]
[Result "1/2-1/2"]
[WhiteElo "2086"]
[BlackElo "2418"]
[EventDate "2011.07.23"]

1.d4 Nf6 2.Nc3 g6 3.e4 d6 4.f4 Bg7 5.Nf3 O-O 6.Be3 b6 7.Bd3 Bb7 8.Qe2 c5 
9.d5 e6 10.dxe6 fxe6 11.Ng5 Qe7 12.O-O-O h6 13.e5 Nd5 14.exd6 Qxd6 15.Nge4
Qe7 16.Rhf1 Nc6 17.Bd2 Ndb4 18.Nf2 Nxd3+ 19.Nxd3 Kh7 20.Ne5 Nxe5 21.fxe5 
Qh4 22.g3 Qh3 23.Bf4 Rad8 24.Ne4 Bxe4 25.Qxe4 Qf5 26.Qxf5 gxf5 27.Rxd8 
Rxd8 28.Rd1 Rxd1+ 29.Kxd1 Kg6 30.Kd2 Kf7 31.Kd3 Ke8 32.Kc4 a6 33.a4 Bf8 
34.c3 Kd7 35.b4 Kc6 36.b5+ axb5+ 37.axb5+ Kd7 38.Kd3 Bg7 39.c4 Ke7 40.Ke3 
1/2-1/2

[Event "C.O.Q. invitation"]
[Site "Montreal, CAN"]
[Date "2011.07.27"]
[Round "6"]
[White "Gerzhoy, Leonid"]
[Black "Cheng, Bindi"]
[Result "1/2-1/2"]
[WhiteElo "2483"]
[BlackElo "2385"]
[EventDate "2011.07.23"]

1.Nf3 d5 2.d4 c6 3.c4 Nf6 4.Nc3 a6 5.a4 e6 6.g3 dxc4 7.Bg2 Bb4 8.O-O Nbd7 
9.Nd2 O-O 10.Nxc4 Nb6 11.Ne5 a5 12.e4 c5 13.Be3 Nfd7 14.Nd3 Nc4 15.Nxb4 
axb4 16.Nb5 e5 17.b3 Nxe3 18.fxe3 cxd4 19.exd4 Qb6 20.Rc1 Nf6 21.Kh1 Bd7 
22.dxe5 Bxb5 23.axb5 Rad8 24.Qf3 Nd7 25.Qf5 Nc5 26.Qf2 Rc8 27.Bh3 Rc7 28.
e6 Qd6 29.Qf4 Qxf4 30.gxf4 fxe6 31.b6 Rc6 32.Rc4 Kf7 33.Rxb4 Nd7 34.e5 
Rxb6 35.Rxb6 Nxb6 36.Bg2 Nd7 37.Bxb7 Nc5 38.Bg2 Nxb3 39.f5 Ke7 40.Rb1 Nc5 
41.Rc1 Rc8 42.fxe6 Rc7 43.Bd5 Nxe6 44.Rxc7+ Nxc7 45.Bg8 h6 46.Kg2 Ne6 
1/2-1/2

[Event "C.O.Q. invitation"]
[Site "Montreal, CAN"]
[Date "2011.07.27"]
[Round "6"]
[White "Cornette, Mathieu"]
[Black "Kovalyov, Anton"]
[Result "1-0"]
[WhiteElo "2568"]
[BlackElo "2612"]
[EventDate "2011.07.23"]

1.d4 Nf6 2.c4 e6 3.Nc3 Bb4 4.e3 b6 5.Ne2 c5 6.a3 Ba5 7.Rb1 Na6 8.g3 Bb7 9.
d5 b5 10.Bg2 bxc4 11.O-O O-O 12.e4 d6 13.Qa4 exd5 14.Nxd5 Nxd5 15.exd5 Bb6
16.Nc3 Nc7 17.Bf4 f5 18.h4 Qf6 19.Rfe1 Rae8 20.Nb5 Nxb5 21.Qxb5 Qd8 22.Bg5
Qb8 23.Be7 Rf7 24.Bxd6 Rxe1+ 25.Rxe1 Qxd6 26.Re6 a6 27.Qa4 Bc6 28.Qxa6 Qf8
29.Rxc6 Bd8 30.d6 Rf6 31.Qxc4+ Kh8 32.Qxc5 f4 33.d7 Qf7 34.Bd5 Rxc6 35.
Qxc6 Qe7 36.Qe6 Qxe6 37.Bxe6 fxg3 38.fxg3 g6 39.Kf2 Kg7 40.Bg4 Kf6 41.h5 
Kg5 42.hxg6 hxg6 43.Kf3 Kf6 44.Ke4 Ke7 45.Kd5 Bc7 46.a4 Bxg3 47.a5 Kd8 48.
Kc6 1-0

[Event "C.O.Q. invitation"]
[Site "Montreal, CAN"]
[Date "2011.07.27"]
[Round "6"]
[White "Bolduc, Steve"]
[Black "Khassanov, Marat"]
[Result "1/2-1/2"]
[WhiteElo "2230"]
[BlackElo "2286"]
[EventDate "2011.07.23"]

1.d4 d5 2.c4 e6 3.Nf3 Nf6 4.g3 Bb4+ 5.Bd2 Be7 6.Bg2 O-O 7.Qc2 b6 8.O-O Ba6
9.Ne5 c6 10.Bf4 Nfd7 11.Nd2 g5 12.Nxd7 Nxd7 13.Be3 f5 14.f3 b5 15.cxd5 
cxd5 16.Qc6 Nb6 17.Qxe6+ Kg7 18.Bf2 b4 19.Rac1 Rf6 20.Qe3 f4 21.gxf4 gxf4 
22.Qe5 Bd6 23.Qg5+ Rg6 24.Qxd8 Rxd8 25.Rfe1 Kf7 26.Kh1 Na4 27.Rc2 Rc8 28.
Rxc8 Bxc8 29.b3 Nc3 30.e4 fxe3 31.Bxe3 Re6 32.Nf1 Bf4 33.Kg1 Nxa2 34.Kf2 
Bxe3+ 35.Nxe3 Nc3 36.Ra1 Ra6 37.Rxa6 Bxa6 38.Nc2 Na2 39.Ke3 Bb5 40.f4 Bc6 
41.Kd2 a5 42.Ne3 Nc3 43.Ng4 Bb5 44.Ne3 Bc6 45.Ng4 Bb5 46.Ne3 1/2-1/2

[Event "C.O.Q. invitation"]
[Site "Montreal, CAN"]
[Date "2011.07.27"]
[Round "6"]
[White "Macak, Stefan"]
[Black "Kleinman, Jake"]
[Result "1/2-1/2"]
[WhiteElo "2391"]
[BlackElo "2375"]
[EventDate "2011.07.23"]

1.d4 Nf6 2.c4 e6 3.g3 Bb4+ 4.Bd2 Bxd2+ 5.Qxd2 d5 6.Nf3 O-O 7.Bg2 c6 8.Nc3 
Nbd7 9.cxd5 exd5 10.O-O Qe7 11.Rab1 a5 12.a3 Ne4 13.Nxe4 dxe4 14.Ne1 Nf6 
15.Nc2 Be6 16.Ne3 Rfd8 17.Qc3 Nd5 18.Nxd5 Bxd5 19.Qe3 Re8 20.Rbc1 a4 21.
Rc3 Rad8 22.Rd1 Qd6 23.Qf4 Qxf4 24.gxf4 f5 25.Rdc1 Kf7 26.Rg3 Bb3 27.e3 
Bd5 28.Bh3 Kf6 29.Bf1 b5 30.Kh1 Rb8 31.Rg1 g6 32.Be2 Re7 33.Rg5 Ke6 34.h4 
Kd6 35.h5 Rg7 36.h6 Rgg8 37.Kh2 Ke6 38.Kh3 Kf6 39.Kh4 Rb6 40.Bf1 Rgb8 41.
Be2 R8b7 42.Rgg1 Rb8 43.Ra1 Rg8 44.Rab1 Rd8 1/2-1/2

[Event "C.O.Q. invitation"]
[Site "Montreal, CAN"]
[Date "2011.07.27"]
[Round "6"]
[White "Drolet, Stephane"]
[Black "Voloaca, Mihnoa"]
[Result "1/2-1/2"]
[WhiteElo "2025"]
[BlackElo "2234"]
[EventDate "2011.07.23"]

1.d4 Nf6 2.Nf3 d5 3.c4 c6 4.Nc3 e6 5.Qd3 dxc4 6.Qxc4 b5 7.Qd3 b4 8.Ne4 
Nbd7 9.Bf4 Nxe4 10.Qxe4 Bb7 11.Ne5 Nf6 12.Qd3 Be7 13.g3 Qd5 14.Rg1 Qa5 15.
Bg2 Nd5 16.Bd2 O-O 17.e4 Nf6 18.g4 Rfd8 19.Nc4 Qb5 20.e5 Nd7 21.Be4 Nf8 
22.Bf4 Ng6 23.Bg3 c5 24.Nd6 Qxd3 25.Bxd3 Bxd6 26.exd6 cxd4 27.Kd2 f6 28.
Bc4 Kf7 29.Rge1 Ne5 30.Bxe5 fxe5 31.Rxe5 Rxd6 32.Rae1 Bd5 33.Bxd5 exd5 34.
Rf5+ Rf6 35.Rxf6+ Kxf6 36.f4 h5 37.gxh5 Kf5 38.Re5+ Kxf4 39.Rxd5 Ke4 40.
Rg5 Rf8 41.Rg4+ Rf4 42.Rxg7 Rf2+ 43.Kc1 Rxh2 44.Rxa7 Kd3 45.b3 Rxh5 46.Rg7
Rh1+ 47.Kb2 Rh2+ 48.Kb1 Kd2 49.Rb7 d3 50.Rxb4 Ke1 51.Rg4 Rf2 52.Re4+ Re2 
53.Rh4 Rf2 54.Re4+ 1/2-1/2

[Event "C.O.Q. invitation"]
[Site "Montreal, CAN"]
[Date "2011.07.27"]
[Round "6"]
[White "Calugar, Arthur"]
[Black "Kleinman, Michael"]
[Result "0-1"]
[WhiteElo "2247"]
[BlackElo "2221"]
[EventDate "2011.07.23"]

1.e4 c5 2.Nf3 Nc6 3.d4 cxd4 4.Nxd4 g6 5.Nc3 Bg7 6.Be3 Nf6 7.Bc4 O-O 8.Bb3 
d6 9.f3 Bd7 10.Qd2 Rc8 11.O-O-O Ne5 12.Kb1 Re8 13.h4 h5 14.Bh6 Nc4 15.Bxc4
Rxc4 16.Bxg7 Kxg7 17.g4 hxg4 18.h5 Rh8 19.hxg6 fxg6 20.f4 e5 21.fxe5 dxe5 
22.Nde2 Rh3 23.Qg5 Qe8 24.Rhf1 Rc6 25.Rf2 Nh7 26.Qd2 Be6 27.Rdf1 Qe7 28.
Nd5 Bxd5 29.exd5 Rd6 30.c4 b6 31.Qb4 Ng5 32.Nc3 a5 33.Qa4 Rxc3 34.bxc3 Nf3
35.Qc2 Qg5 36.Kb2 Rf6 37.Qc1 Qf4 38.Qxf4 exf4 39.Rd1 Ne5 40.Kb3 f3 41.d6 
g3 42.d7 Nxd7 43.Rxd7+ Kh6 44.Rf1 g2 45.Rdd1 gxf1=Q 46.Rxf1 Kg5 47.Kc2 Kf4
48.Kd2 Re6 49.Rh1 g5 50.Rh8 Kg3 51.Rg8 g4 52.Rg7 f2 53.Rf7 Kg2 0-1

[Event "C.O.Q. invitation"]
[Site "Montreal, CAN"]
[Date "2011.07.27"]
[Round "6"]
[White "Zhao, Parker"]
[Black "Rozentalis, Eduardas"]
[Result "0-1"]
[WhiteElo "2382"]
[BlackElo "2571"]
[EventDate "2011.07.23"]

1.e4 e6 2.Qe2 Be7 3.f4 d5 4.e5 Nh6 5.Nf3 Nf5 6.g3 h5 7.c3 b6 8.Bg2 Ba6 9.
d3 Nd7 10.Be3 Nc5 11.Bxc5 bxc5 12.Bh3 Rb8 13.b3 d4 14.Bxf5 exf5 15.cxd4 
cxd4 16.h4 Qd5 17.Kf2 Bb4 18.Rc1 O-O 19.a3 Be7 20.Rxc7 Rxb3 21.Ne1 Rb7 22.
Rxb7 Bxb7 23.Nd2 g6 24.Nef3 Rc8 25.Nc4 Bc5 26.Rb1 Bc6 27.Qd1 Kg7 28.a4 Rc7
29.a5 Rb7 30.Rxb7 Bxb7 31.Qe2 Kf8 32.Ne1 Qh1 33.Qf1 Qh2+ 34.Ng2 Bb4 35.a6 
Bd5 36.Qg1 Qh3 37.Ne1 Qg4 38.Nb2 Bd2 39.Qh2 Bc3 40.Kf1 Kg7 41.Na4 Bb4 42.
Nb2 Bc6 43.e6 fxe6 44.Nc4 Bb5 45.Qb2 Qh3+ 46.Ng2 Qxg3 47.Qxd4+ Kg8 48.Ne5 
Be7 49.Qc3 Bxa6 50.Qb3 Kh7 51.Qxe6 Bxd3+ 52.Nxd3 Qxd3+ 53.Kg1 Bc5+ 54.Kh2 
Qd1 55.Qf7+ Kh6 56.Qe8 Bg1+ 0-1

[Event "C.O.Q. invitation"]
[Site "Montreal, CAN"]
[Date "2011.07.27"]
[Round "6"]
[White "Bojkov,  Dejan"]
[Black "Martchenko, Alexander"]
[Result "1/2-1/2"]
[WhiteElo "2544"]
[BlackElo "2227"]
[EventDate "2011.07.23"]

1.e4 e5 2.Nf3 Nc6 3.Bc4 Bc5 4.c3 Nf6 5.d3 O-O 6.Bb3 h6 7.Nbd2 d5 8.exd5 
Nxd5 9.Ne4 Be7 10.O-O Bf5 11.Re1 Nf6 12.Qe2 a6 13.Bd2 Qd7 14.Rad1 Rad8 15.
Bc1 Be6 16.Ng3 Bxb3 17.axb3 Bd6 18.b4 Rfe8 19.h3 a5 20.bxa5 Nxa5 21.b4 Nc6
22.Nh4 Nd5 23.Ngf5 Bf8 24.Qg4 Kh7 25.b5 Nce7 26.Bd2 Nxf5 27.Qxf5+ Qxf5 28.
Nxf5 g6 29.Ng3 f5 30.c4 Nb4 31.Bxb4 Bxb4 32.Re2 Kg7 33.Nf1 Bc5 34.Ne3 c6 
35.Rb2 Rd7 36.Rb3 e4 37.Kf1 f4 38.bxc6 bxc6 39.dxe4 Rxd1+ 40.Nxd1 Rxe4 41.
Nb2 Kf6 42.f3 Rd4 43.Ke2 Rd7 44.Nd3 Re7+ 45.Kf1 Be3 46.Ra3 c5 47.Ra5 Rc7 
48.Ra6+ Kf5 49.Ke2 Bd4 50.Rd6 g5 51.Nf2 Ra7 52.Ng4 Ra2+ 53.Kd3 Ra3+ 54.Kc2
Rc3+ 55.Kd2 Rxc4 56.Nxh6+ Ke5 57.Nf7+ Kf5 58.Nh6+ Ke5 59.Rg6 Ra4 60.Rxg5+ 
Ke6 61.Kd3 Be5 62.Ng4 c4+ 63.Ke4 c3+ 64.Kd3 Bh8 65.Rh5 Bg7 66.Rh7 Kf7 67.
Nf2 Ra2 68.Ne4 c2 69.Kd2 Kg6 70.Rxg7+ Kxg7 71.Nc3 c1=Q+ 72.Kxc1 Rxg2 73.
Nd5 Rg3 74.Nxf4 Rxf3 75.Ne2 Rxh3 76.Kd2 Kf6 77.Nf4 Rf3 78.Ne2 Ke5 79.Nc3 
Kd4 80.Ne2+ Kc4 81.Nc1 Rh3 82.Ne2 Rd3+ 83.Ke1 Re3 84.Kd2 Ra3 85.Nc1 Ra8 
86.Ne2 Rd8+ 87.Ke3 Rd3+ 88.Ke4 Rd8 89.Nf4 Re8+ 90.Kf5 Re1 91.Ne6 Kd5 92.
Nf4+ Kd6 93.Nd3 Re3 94.Nf4 Ra3 95.Ke4 Ra4+ 96.Ke3 Ke5 97.Nd3+ Kf5 98.Nc5 
Rh4 99.Nd3 Rc4 100.Nf2 Rc3+ 101.Nd3 Ra3 102.Kd4 Ra4+ 103.Ke3 Re4+ 104.Kf3 
Re8 105.Nf2 Rh8 106.Ke3 Ra8 107.Nd3 Ra4 108.Nc5 Rc4 109.Nd3 Rc8 110.Kf3 
Re8 111.Nf2 Re1 112.Nd3 Ra1 113.Ke3 Ra3 114.Kd4 Ra4+ 115.Kd5 Ra8 116.Kd4 
Rd8+ 117.Ke3 Kg4 118.Ne5+ Kg3 119.Ke4 Rd1 120.Nd3 Ra1 121.Ne5 Ra4+ 122.Kf5
Rh4 123.Kg5 Ra4 124.Kf5 Ra5 125.Ke4 Ra4+ 126.Kf5 1/2-1/2

[Event "C.O.Q. invitation"]
[Site "Montreal, CAN"]
[Date "2011.07.27"]
[Round "6"]
[White "Leroux, Jean-Pierre"]
[Black "Arencibia, Walter"]
[Result "0-1"]
[WhiteElo "2517"]
[BlackElo "2476"]
[EventDate "2011.07.23"]

1.e4 e5 2.Nf3 Nc6 3.Bb5 Nf6 4.d3 d6 5.c3 Be7 6.O-O O-O 7.Nbd2 a6 8.Ba4 b5 
9.Bc2 d5 10.d4 Bg4 11.h3 Bh5 12.exd5 Qxd5 13.g4 Bg6 14.Bxg6 fxg6 15.Nxe5 
Nxe5 16.dxe5 Qxe5 17.Nf3 Qd6 18.Bg5 Qxd1 19.Raxd1 Bc5 20.Kg2 Rae8 21.Rfe1 
Ne4 22.Be3 Bd6 23.Nd4 Nc5 24.Re2 Na4 25.Rc2 Bf4 26.Bxf4 Rxf4 27.Ne2 Rfe4 
28.Ng3 Re1 29.Rxe1 Rxe1 30.b3 Nc5 31.Rd2 Kf7 32.h4 Ke7 33.Kf3 Rc1 34.Ne2 
Rh1 35.Nf4 Rxh4 36.Rd1 g5 37.Nd5+ Kf7 38.Ne3 Rh3+ 39.Kg2 Rh6 40.b4 Ne6 41.
Nd5 c5 42.a4 bxa4 43.Ra1 cxb4 44.cxb4 Nd4 45.Rxa4 Rc6 46.Ra2 Ke6 47.Ne3 g6
48.Ra5 Nb5 49.Ra1 h5 50.Nf1 Ke5 51.Re1+ Kd4 52.Nd2 Rb6 53.Re3 hxg4 54.Rg3 
Nd6 55.Rxg4+ Kc3 56.Nf3 Nf7 57.Re4 Rxb4 58.Re3+ Kb2 59.Re7 Rg4+ 60.Kf1 Rf4
61.Ne1 Kc3 62.Ng2 Rf6 63.Ne3 Kd4 64.Ng4 Rf4 65.Ne3 Kc5 66.Rc7+ Kb5 67.Rb7+
Ka5 68.Rd7 g4 69.Ke2 Kb5 70.Rb7+ Kc6 71.Ra7 Kb6 72.Re7 Kb5 73.Rb7+ Ka4 74.
Nd5 Rf5 75.Ne3 Rf6 76.Nxg4 Re6+ 77.Kd3 Nd8 78.Rb1 Nc6 79.Ne3 a5 80.Kc3 Ne5
81.Ra1+ Kb5 82.Rb1+ Kc5 83.Rb8 Rf6 84.Rd8 Rd6 85.Ra8 Kb5 86.Rb8+ Rb6 87.
Re8 Rc6+ 88.Kd4 Nf3+ 89.Kd5 a4 90.Rb8+ Rb6 91.Rxb6+ Kxb6 92.Nc4+ Kb5 93.
Ne3 a3 94.Ke4 a2 95.Nc2 Ne1 96.Na1 Kc4 0-1